Economics and the Canadian economy / (Record no. 9053)

MARC details
000 -LEADER
fixed length control field 00866pam a2200265 a 4500
001 - CONTROL NUMBER
control field 2522867
003 - CONTROL NUMBER IDENTIFIER
control field OSt
005 - DATE AND TIME OF LATEST TRANSACTION
control field 20240704095915.0
008 - FIXED-LENGTH DATA ELEMENTS--GENERAL INFORMATION
fixed length control field 930611s1994 nyua 001 0 eng
010 ## - LIBRARY OF CONGRESS CONTROL NUMBER
LC control number 93014451
020 ## - INTERNATIONAL STANDARD BOOK NUMBER
International Standard Book Number 0393965112
040 ## - CATALOGING SOURCE
Original cataloging agency DLC
Transcribing agency MUST
Modifying agency DLC
082 00 - DEWEY DECIMAL CLASSIFICATION NUMBER
Classification number 330 STI 1994
100 1# - MAIN ENTRY--PERSONAL NAME
Personal name Stiglitz, Joseph E.
9 (RLIN) 18361
245 10 - TITLE STATEMENT
Title Economics and the Canadian economy /
Statement of responsibility, etc. Joseph E. Stiglitz, Robin W. Boadway.
250 ## - EDITION STATEMENT
Edition statement 1st ed.
260 ## - PUBLICATION, DISTRIBUTION, ETC. (IMPRINT)
Place of publication, distribution, etc. New York :
Name of publisher, distributor, etc. Norton,
Date of publication, distribution, etc. 1994.
300 ## - PHYSICAL DESCRIPTION
Extent xxxix, 1176 p. :
Other physical details col. ill. ;
Dimensions 27 cm.
500 ## - GENERAL NOTE
General note Includes index.
650 #0 - SUBJECT ADDED ENTRY--TOPICAL TERM
Topical term or geographic name as entry element Economics.
9 (RLIN) 975
700 1# - ADDED ENTRY--PERSONAL NAME
Personal name Boadway, Robin W.,
Dates associated with a name 1943-
9 (RLIN) 18362
906 ## - LOCAL DATA ELEMENT F, LDF (RLIN)
a 7
b cbu
c orignew
d 1
e ocip
f 19
g y-gencatlg
942 ## - ADDED ENTRY ELEMENTS (KOHA)
Source of classification or shelving scheme Dewey Decimal Classification
Koha item type Open Shelf
Holdings
Withdrawn status Lost status Source of classification or shelving scheme Damaged status Not for loan Home library Current library Date acquired Source of acquisition Inventory number Total Checkouts Full call number Barcode Date last seen Price effective from Koha item type
    Dewey Decimal Classification     MUST Main Library MUST Main Library 04/07/2024 Purchase 2005/24248   330 STI 1994 2024-21750 04/07/2024 04/07/2024 Open Shelf
    Dewey Decimal Classification     MUST Main Library MUST Main Library 04/07/2024 Purchase 2005/24180   330 STI 1994 2024-21751 04/07/2024 04/07/2024 Open Shelf